Invitación a la biología en contexto social (Registro nro. 302305)
[ vista simple ]
| 000 -ENCABEZADO | |
|---|---|
| Número de control [NR] | 01577 a2200397 4500 |
| 005 - FECHA Y HORA DE LA ÚLTIMA TRANSACCIÓN | |
| control field | 20240215090858.0 |
| 008 - DE LONGITUD FIJA DE DATOS DE ELEMENTOS - INFORMACIÓN GENERAL | |
| Elementos de longitud fija [NR] | 151210s2015 ag ao fr|||| 001 0 spa d |
| 020 ## - NUMERO INTERNACIONAL NORMALIZADO PARA LIBROS [R] | |
| Número Internacional Normalizado del libro [NR] | 9789500694810 (7a. ed.) |
| 020 ## - NUMERO INTERNACIONAL NORMALIZADO PARA LIBROS [R] | |
| Número Internacional Normalizado del libro [NR] | 9789500696685 (8a. ed.) |
| 040 ## - FUENTE DE CATALOGACION [NR] | |
| Agencia de catalogación original [NR] | CO-BoUCM |
| Idioma de catalogación [NR] | spa |
| Quien Cataloga | Saul Niño |
| Quien Clasifica | David Moreno (modificó) |
| 041 0# - CODIGO DE IDIOMA [R] | |
| Código de idioma para texto/pista de sonido o título separado [R] | Español |
| 060 ## - SIGNATURA TOPOGRAFICA DE LA BIBLIOTECA NACIONAL DE MEDICINA (NLM) [R] | |
| Número clasificador [R] | QH 100 |
| 245 10 - MENCION DE TITULO [NR] | |
| Título [NR] | Invitación a la biología en contexto social |
| Mención de responsabilidad, etc. [NR] | Helena Curtis ... [y otros.] ; ilustrado por Juan Araoz, Juan Pablo Vitori, Carolina Villamayor |
| 246 ## - FORMA VARIANTE DEL TITULO [R] | |
| Título propiamente dicho/forma breve del título [NR] | Biologia |
| Parte restante del título [NR] | en contexto social |
| 250 ## - MENCION DE EDICION [NR] | |
| Mención de edición [NR] | 8a ed |
| 260 ## - PUBLICACION, DISTRIBUCION, ETC. (PIE DE IMPRENTA) [R] | |
| Fecha de publicación, distribución, etc. [R] | 2022 |
| Nombre del editor, distribuidor, etc. [R] | Médica Panamericana |
| Lugar de publicación, distribución, etc. [R] | Buenos Aires (Argentina) |
| -- | Bogotá (Colombia) |
| 300 ## - DESCRIPCION FISICA [R] | |
| Extensión [R] | 1372 Páginas |
| 300 ## - DESCRIPCION FISICA [R] | |
| Extensión [R] | xxxviii, 799, [30] páginas |
| Otros detalles físicos [NR] | ilustraciones, fotografías |
| 500 ## - NOTA GENERAL [R] | |
| Nota general [NR] | Incluye índice |
| 650 17 - ASIENTO SECUNDARIO DE MATERIA - TERMINO TEMATICO [R] | |
| 9 (RLIN) | 10116 |
| Término temático o nombre geográfico como elemento de entrada [NR] | Biología |
| Subdivisión general [R] | Aspectos sociales |
| 650 17 - ASIENTO SECUNDARIO DE MATERIA - TERMINO TEMATICO [R] | |
| 9 (RLIN) | 10803 |
| Término temático o nombre geográfico como elemento de entrada [NR] | Ciencias de la vida |
| Subdivisión general [R] | Biociencia |
| 650 17 - ASIENTO SECUNDARIO DE MATERIA - TERMINO TEMATICO [R] | |
| 9 (RLIN) | 15926 |
| Término temático o nombre geográfico como elemento de entrada [NR] | Fisiología animal |
| Subdivisión general [R] | Fisiologia comparada |
| 650 17 - ASIENTO SECUNDARIO DE MATERIA - TERMINO TEMATICO [R] | |
| 9 (RLIN) | 13631 |
| Término temático o nombre geográfico como elemento de entrada [NR] | Ecología |
| Subdivisión general [R] | Medio ambiente |
| 650 17 - ASIENTO SECUNDARIO DE MATERIA - TERMINO TEMATICO [R] | |
| 9 (RLIN) | 13726 |
| Término temático o nombre geográfico como elemento de entrada [NR] | Ecosistemas |
| Subdivisión general [R] | Comunidades bioticas |
| 650 17 - ASIENTO SECUNDARIO DE MATERIA - TERMINO TEMATICO [R] | |
| 9 (RLIN) | 7726 |
| Término temático o nombre geográfico como elemento de entrada [NR] | Industria |
| Subdivisión general [R] | Aspectos ambientales |
| 650 17 - ASIENTO SECUNDARIO DE MATERIA - TERMINO TEMATICO [R] | |
| 9 (RLIN) | 15359 |
| Término temático o nombre geográfico como elemento de entrada [NR] | Evolución |
| Subdivisión general [R] | Aspectos genéticos |
| 700 1# - ASIENTO SECUNDARIO - NOMBRE PERSONAL [R] | |
| Nombre personal [NR] | Curtis, Helena |
| 9 (RLIN) | 74416 |
| 700 1# - ASIENTO SECUNDARIO - NOMBRE PERSONAL [R] | |
| Nombre personal [NR] | Sue Barnes, N |
| 9 (RLIN) | 74417 |
| 700 1# - ASIENTO SECUNDARIO - NOMBRE PERSONAL [R] | |
| Nombre personal [NR] | Schnek, Adriana |
| 9 (RLIN) | 74418 |
| 700 1# - ASIENTO SECUNDARIO - NOMBRE PERSONAL [R] | |
| Nombre personal [NR] | Massarini, Alicia |
| 9 (RLIN) | 74419 |
| 700 1# - ASIENTO SECUNDARIO - NOMBRE PERSONAL [R] | |
| Nombre personal [NR] | Araoz, Juan |
| Término de relación [R] | ilustrador |
| 9 (RLIN) | 74420 |
| 700 1# - ASIENTO SECUNDARIO - NOMBRE PERSONAL [R] | |
| Nombre personal [NR] | Vitori, Juan Pablo |
| Término de relación [R] | ilustrador |
| 9 (RLIN) | 74421 |
| 700 1# - ASIENTO SECUNDARIO - NOMBRE PERSONAL [R] | |
| Nombre personal [NR] | Villamayor, Carolina |
| Término de relación [R] | ilustrador |
| 9 (RLIN) | 74422 |
| 942 ## - ELEMENTOS DE ENTRADA AGREGADOS (KOHA) | |
| Sistema de clasificación | NLM |
| Tema principal | Ciencias puras |
| Tipo de ítem principal el descrito en 300a | Libro |
| Edición | 8 |
| Clasificación | QH 100 |
| Parte restante de la signatura top. | I629in |
| Título oculto en OPAC | No |
| Fecha de último préstamo | Total préstamos | Total Renewals | Signatura topográfica | Código de barras | Última vez visto | Volúmen / Fascículo | Ejemplar | Costo de reposición | Price effective from | Tipo de ítem | Nota pública (OPAC) | Perdido | Sistema de clasificación | Dañado | No prestable | Tipo de ítem específico | Suprimido | Ubicación habitual | Ubicación actual | Localización | Fecha de creación | Proveedor | Forma de adquisición | Costo |
|---|---|---|---|---|---|---|---|---|---|---|---|---|---|---|---|---|---|---|---|---|---|---|---|---|
| 20/01/2020 | 38 | 26 | QH 100 I629in | 200029027 | 12/12/2025 | 7a.Ed. | Ej.2 | 26000.00 | 09/12/2015 | Libro | Spot Ciencias Naturales | NLM | Libro | Quinta de Mutis | Quinta de Mutis | 3er piso | 09/12/2015 | 12 | Donación | 0.00 | ||||
| 24/01/2022 | 56 | 24 | QH 100 I629in | 200029062 | 12/12/2025 | 7a.Ed. | Ej.1 | 26000.00 | 19/02/2016 | Libro | Spot Ciencias Naturales | NLM | Libro | Quinta de Mutis | Quinta de Mutis | 3er piso | 19/02/2016 | 12 | Donación | 0.00 | ||||
| 06/09/2022 | 5 | 14 | QH 100 I629in | 100164889 | 12/12/2025 | 7a.Ed. | Ej.3 | 135000.00 | 29/01/2020 | Libro | Spot Ciencias Naturales | DEWEY | Libro | Quinta de Mutis | Quinta de Mutis | 3er piso | 29/01/2020 | 34 | Compra | 135000.00 | ||||
| 19/07/2024 | 1 | 4 | QH 100 I629in | 100172298 | 12/12/2025 | 8a.Ed. | Ej.1 | 15/02/2024 | Libro | Spot Ciencias Naturales | NLM | Libro | Quinta de Mutis | Quinta de Mutis | 3er piso | 15/02/2024 | Compra | 281250.00 |